000 01215nam a2200301Ia 4500
001 ebr10438091
003 CaPaEBR
006 m u
007 cr cn|||||||||
008 100814s2010 enk sb 000 0 eng d
040 _aCaPaEBR
_cCaPaEBR
035 _a(OCoLC)704517555
050 1 4 _aHD31
_b.C66 2010eb
082 0 4 _a658.4
_222
100 1 _aCooke, Jamie Lynn.
245 1 0 _aAgile principles unleashed
_h[electronic resource] :
_bproven approaches for achieving real productivity gains in any organisation /
_cJamie Lynn Cooke.
260 _aEly, U.K. :
_bIT Governance Pub.,
_c2010.
300 _a379 p.
504 _aIncludes bibliographical references.
533 _aElectronic reproduction.
_bPalo Alto, Calif. :
_cebrary,
_d2011.
_nAvailable via World Wide Web.
_nAccess may be limited to ebrary affiliated libraries.
650 0 _aIndustrial management.
650 0 _aOrganizational effectiveness.
650 0 _aBusiness planning.
650 0 _aInformation technology
_xManagement.
655 7 _aElectronic books.
_2local
710 2 _aebrary, Inc.
856 4 0 _uhttp://site.ebrary.com/lib/rucke/Doc?id=10438091
_zAn electronic book accessible through the World Wide Web; click to view
999 _c133228
_d133228